Visual Interdev 6 (Record no. 298442)

000 -LEADER
fixed length control field 00246 a2200109 4500
001 - CONTROL NUMBER
control field 63369
082 ## - DEWEY DECIMAL CLASSIFICATION NUMBER
Classification number 005.133 ONE
090 ## - LOCALLY ASSIGNED LC-TYPE CALL NUMBER (OCLC); LOCAL CALL NUMBER (RLIN)
-- 37420
-- 37420
100 ## - MAIN ENTRY--PERSONAL NAME
Personal name O'Niel , J
245 ## - TITLE STATEMENT
Title Visual Interdev 6
Medium English
260 ## - PUBLICATION, DISTRIBUTION, ETC.
Name of publisher, distributor, etc. Osborne, Mcgraw Hill
942 ## - ADDED ENTRY ELEMENTS (KOHA)
Institution code [OBSOLETE] CAE NUST
Call number prefix 005.133 ONE
Holdings
Withdrawn status Lost status Damaged status Not for loan Collection code Permanent Location Current Location Date acquired Total Checkouts Full call number Barcode Date last seen Price effective from Koha item type
          College of Aeronautical Engineering (CAE) College of Aeronautical Engineering (CAE) 04/03/2017   005.133 ONE CAEG-5522 04/05/2017 04/05/2017 Book
© 2023 Central Library, National University of Sciences and Technology. All Rights Reserved.